Control of dust from construction and demolition activities (Record no. 103033)

MARC details
000 -LEADER
fixed length control field 01520cam a2200253 4500
008 - FIXED-LENGTH DATA ELEMENTS--GENERAL INFORMATION
fixed length control field 030829n2003 000 0 eng u
020 ## - INTERNATIONAL STANDARD BOOK NUMBER
International Standard Book Number 1860816126
035 ## - SYSTEM CONTROL NUMBER
System control number (Sirsi) u123397
041 ## - LANGUAGE CODE
Language code of text/sound track or separate title eng
050 ## - LIBRARY OF CONGRESS CALL NUMBER
Classification number 614.83
-- 18
100 ## - MAIN ENTRY--PERSONAL NAME
Personal name Kukadia, Vina
245 ## - TITLE STATEMENT
Title Control of dust from construction and demolition activities
260 ## - PUBLICATION, DISTRIBUTION, ETC.
Place of publication, distribution, etc. Watford
Name of publisher, distributor, etc. BRE
Date of publication, distribution, etc. 2003
300 ## - PHYSICAL DESCRIPTION
Extent vi, 50p.
Other physical details ill
Dimensions 30cm.
350 ## - PRICE (NR) (BK AM CF MU VM SE) [OBSOLETE]
Price 35
520 ## - SUMMARY, ETC.
Summary, etc. This publication deals with the common and well-recognised problem of control of nuisance dust emissions from construction and civil engineering activities. Fine particles can be carried from sites even in light winds and may have an adverse effect on the local environment and on the health of local residents, as well as those working on site. It indicates how dust and fine particle generation from construction and demolition activities can be substantially reduced. Dust control measures are outlined for specific processes (such as the movement of vehicles and construction plant, materials handling and storage, cutting, grinding, grouting, grit blasting, concrete batching and pouring), and advice is also given on pre-project planning, implementation and site management - together with checklists for use by all sizes and types of construction activity (BRE).
650 ## - SUBJECT ADDED ENTRY--TOPICAL TERM
Topical term or geographic name entry element DEMOLITION
650 ## - SUBJECT ADDED ENTRY--TOPICAL TERM
Topical term or geographic name entry element DUST EMISSION
650 ## - SUBJECT ADDED ENTRY--TOPICAL TERM
Topical term or geographic name entry element ENVIRONMENTAL RISK
690 ## - LOCAL SUBJECT ADDED ENTRY--TOPICAL TERM (OCLC, RLIN)
Topical term or geographic name as entry element BUILT ENVIRONMENT-BUILDING STANDARDS
700 ## - ADDED ENTRY--PERSONAL NAME
Personal name Upton, Stuart
700 ## - ADDED ENTRY--PERSONAL NAME
Personal name Hall, David
942 ## - ADDED ENTRY ELEMENTS (KOHA)
Suppress in OPAC 0
Holdings
Withdrawn status Lost status Source of classification or shelving scheme Damaged status Not for loan Home library Current library Shelving location Date acquired Cost, normal purchase price Total Checkouts Full call number Barcode Date last seen Copy number Cost, replacement price Price effective from Koha item type
    Dewey Decimal Classification     London London Books 12/12/2003 29.95   F614.83 KUK 30068886 10/05/2024 1 29.95 06/08/2019 Book